Atmosfera yang berubah : Satu cabaran sejagat

Bibliographic Details
Main Author: FIROR
Corporate Author: Institut Kajian Strategik dan Antarabangsa (ISIS)
Other Authors: Azman Zainal Abidin
Format: Book
Published: Kuala Lumpur : ISIS , 1995
Subjects:

MARC

LEADER 00000cam a2200000 7i4500
001 0000000132
005 20011123.0
020 0 0 |a 9679472035 
090 0 0 |a 363.7392   |b FIR 1995 
100 1 0 |a FIROR   |h John 
245 1 0 |a Atmosfera yang berubah :   |b Satu cabaran sejagat   |c John Firor; diterjemahkan oleh Azman Zainal Abidin 
260 0 0 |a Kuala Lumpur :   |b ISIS ,   |c 1995 
300 |a viii, 159 p. ;   |c 22 cm. 
500 0 0 |a Bibliography: [p. 143-159]   |a Translated from: The changing atmosphere - a global challenge/ John Firor 
650 0 0 |a Acid rain   |x Environmental aspects 
650 0 0 |a Atmosphere 
650 0 0 |a Global warming 
650 0 0 |a Ozone layer depletion 
700 0 1 |a Azman Zainal Abidin 
710 1 1 |a Institut Kajian Strategik dan Antarabangsa (ISIS) 
998 |a JPSM 
999 |a 0000001272   |b Monograph   |c Open Shelf   |e Default branch